<?xml version="1.0" encoding="UTF-8"?>
<record
    xmlns:xsi="http://www.w3.org/2001/XMLSchema-instance"
    xsi:schemaLocation="http://www.loc.gov/MARC21/slim http://www.loc.gov/standards/marcxml/schema/MARC21slim.xsd"
    xmlns="http://www.loc.gov/MARC21/slim">

  <leader>00636nam a22002297a 4500</leader>
  <datafield tag="999" ind1=" " ind2=" ">
    <subfield code="c">3909</subfield>
    <subfield code="d">3909</subfield>
  </datafield>
  <controlfield tag="003">Nust</controlfield>
  <controlfield tag="005">20180305043205.0</controlfield>
  <controlfield tag="008">161124b        xxu||||| |||| 00| 0 eng d</controlfield>
  <datafield tag="040" ind1=" " ind2=" ">
    <subfield code="c">Nust</subfield>
  </datafield>
  <datafield tag="041" ind1=" " ind2=" ">
    <subfield code="h">urdu</subfield>
  </datafield>
  <datafield tag="082" ind1=" " ind2=" ">
    <subfield code="a">891.4391</subfield>
    <subfield code="b">AHM</subfield>
  </datafield>
  <datafield tag="100" ind1=" " ind2=" ">
    <subfield code="a">Nimra Ahmed</subfield>
    <subfield code="9">2524</subfield>
  </datafield>
  <datafield tag="245" ind1=" " ind2=" ">
    <subfield code="a">Mushaf </subfield>
    <subfield code="c">by Nimra Ahmed</subfield>
  </datafield>
  <datafield tag="260" ind1=" " ind2=" ">
    <subfield code="a">Lahore;</subfield>
    <subfield code="b">Al-Quresh,</subfield>
    <subfield code="c">2014.</subfield>
  </datafield>
  <datafield tag="300" ind1=" " ind2=" ">
    <subfield code="a">357p.</subfield>
  </datafield>
  <datafield tag="650" ind1=" " ind2=" ">
    <subfield code="a">Novel</subfield>
    <subfield code="9">2525</subfield>
  </datafield>
  <datafield tag="650" ind1=" " ind2=" ">
    <subfield code="a">Urdu Literature</subfield>
    <subfield code="9">347</subfield>
  </datafield>
  <datafield tag="880" ind1=" " ind2=" ">
    <subfield code="6">100-01\(3\r</subfield>
    <subfield code="a">&#x646;&#x645;&#x631;&#x6C1; &#x627;&#x62D;&#x645;&#x62F;</subfield>
  </datafield>
  <datafield tag="880" ind1=" " ind2=" ">
    <subfield code="6">245-02\(3\r</subfield>
    <subfield code="a">&#x645;&#x635;&#x62D;&#x641;</subfield>
    <subfield code="c">&#x646;&#x645;&#x631;&#x6C1; &#x627;&#x62D;&#x645;&#x62F;</subfield>
  </datafield>
  <datafield tag="880" ind1=" " ind2=" ">
    <subfield code="6">260\(3\r</subfield>
    <subfield code="a">&#x644;&#x627;&#x6C1;&#x648;&#x631;:</subfield>
    <subfield code="b">&#x627;&#x644;&#x642;&#x631;&#x6CC;&#x634; &#x67E;&#x628;&#x644;&#x6CC; &#x6A9;&#x6CC;&#x634;&#x646;&#x632;&#x60C;</subfield>
    <subfield code="c">2014</subfield>
  </datafield>
  <datafield tag="942" ind1=" " ind2=" ">
    <subfield code="2">ddc</subfield>
    <subfield code="c">BK</subfield>
  </datafield>
  <datafield tag="952" ind1=" " ind2=" ">
    <subfield code="0">0</subfield>
    <subfield code="1">0</subfield>
    <subfield code="2">ddc</subfield>
    <subfield code="4">0</subfield>
    <subfield code="7">0</subfield>
    <subfield code="8">FIC</subfield>
    <subfield code="a">CL</subfield>
    <subfield code="b">CL</subfield>
    <subfield code="c">FIC</subfield>
    <subfield code="d">2016-11-24</subfield>
    <subfield code="l">16</subfield>
    <subfield code="m">3</subfield>
    <subfield code="o">891.4393 AHM</subfield>
    <subfield code="p">CL2308</subfield>
    <subfield code="r">2026-02-14</subfield>
    <subfield code="s">2025-09-09</subfield>
    <subfield code="t">1</subfield>
    <subfield code="y">BK</subfield>
  </datafield>
</record>
